[Event "EU Union-ch U12"]
[Site "Kouty nad Desnou"]
[Date "2017.08.24"]
[Round "6"]
[White "Stastna, Martina"]
[Black "Brnusak, Tomas"]
[Result "0-1"]
[WhiteElo "1482"]
[BlackElo "1790"]
[PlyCount "94"]
[EventDate "2017.08.19"]
[EventType "swiss"]
[EventRounds "9"]
[EventCountry "CZE"]
[SourceTitle "CBM 180 Extra"]
[Source "ChessBase"]
[SourceDate "2017.10.06"]
[SourceVersion "1"]
[SourceVersionDate "2017.10.06"]
[SourceQuality "1"]

1. e4 c5 2. Nf3 e6 3. c3 Nf6 4. e5 Nd5 5. d4 cxd4 6. cxd4 d6 7. Nc3 Nxc3 8. bxc3 Qc7 9. Bd2 Nd7 10. exd6 Bxd6 11. Bd3 0-0 12. Rc1 b6 13. 0-0 Bb7 14. h3 Rac8 15. Re1 Bf4 16. Bxf4 Qxf4 17. Qd2 Qxd2 18. Nxd2 Nf6 19. Nc4 Bd5 20. Ne5 Rfd8 21. a3 Nd7 22. Ng4 Bb7 23. Red1 Nb8 24. Ne3 Nc6 25. Be4 Ba6 26. f4 Be2 27. Rd2 Nxd4 28. Rb2 Ba6 29. Kf2 Nb5 30. Rbc2 Nd6 31. Bf3 Nc4 32. Nf1 Bb5 33. Ra2 Ba4 34. Be2 Bb3 35. Bxc4 Bxc4 36. Rb2 Bxf1 37. Kxf1 Rc4 38. Rb4 Rdc8 39. Rxc4 Rxc4 40. g3 Kf8 41. Ke2 Ke7 42. Kd3 b5 43. Re1 Ra4 44. Ra1 Kd6 45. Ra2 h5 46. Ke3 Kc6 47. Kd3 h4 0-1

[Event "EU Union-ch U12"]
[Site "Kouty nad Desnou"]
[Date "2017.08.19"]
[Round "1"]
[White "Toncheva, Nadya"]
[Black "Stastna, Martina"]
[Result "1-0"]
[WhiteElo "1911"]
[BlackElo "1482"]
[PlyCount "59"]
[EventDate "2017.08.19"]
[EventType "swiss"]
[EventRounds "9"]
[EventCountry "CZE"]
[SourceTitle "CBM 180 Extra"]
[Source "ChessBase"]
[SourceDate "2017.10.06"]
[SourceVersion "1"]
[SourceVersionDate "2017.10.06"]
[SourceQuality "1"]

1. d4 d5 2. c4 e6 3. Nc3 Nf6 4. cxd5 exd5 5. Bg5 Be7 6. e3 c6 7. Bd3 Nbd7 8. Qc2 h6 9. Bh4 Bb4 10. Nge2 0-0 11. f3 Re8 12. Bf2 Nf8 13. 0-0 Bd6 14. h3 Bd7 15. e4 dxe4 16. fxe4 Bc7 17. Bh4 g5 18. Bg3 Bxg3 19. Nxg3 Be6 20. Qf2 N8d7 21. Nf5 Bxf5 22. Qxf5 Qb6 23. Qf2 Re7 24. Rad1 Rd8 25. Bc4 Rf8 26. Rd3 Qd8 27. Rf3 Qe8 28. Rxf6 Nxf6 29. Qxf6 Kh7 30. e5 1-0

[Event "CZE-ch U12 Girls"]
[Site "Kouty nad Desnou"]
[Date "2017.03.15"]
[Round "6"]
[White "Trasakova, Adela"]
[Black "Stastna, Martina"]
[Result "0-1"]
[WhiteElo "1393"]
[BlackElo "1401"]
[PlyCount "48"]
[EventDate "2017.03.11"]
[EventType "swiss"]
[EventRounds "9"]
[EventCountry "CZE"]
[SourceTitle "CBM 177 Extra"]
[Source "ChessBase"]
[SourceDate "2017.04.27"]
[SourceVersion "1"]
[SourceVersionDate "2017.04.27"]
[SourceQuality "1"]

1. d4 d5 2. Nf3 Nf6 3. Bf4 Bf5 4. e3 e6 5. c3 Bd6 6. Bd3 Bxd3 7. Qxd3 Bxf4 8. exf4 Qd6 9. Ne5 Nfd7 10. Nd2 f6 11. Nxd7 Nxd7 12. Qe3 0-0-0 13. 0-0-0 c6 14. Rhe1 Rhe8 15. g3 e5 16. fxe5 fxe5 17. dxe5 Nxe5 18. Qd4 c5 19. Qe3 c4 20. Kb1 Qg6+ 21. Ka1 Nd3 22. Qxa7 Nxe1 23. Qc5+ Kb8 24. a3 Qc2 0-1

[Event "CZE-ch U12 Girls"]
[Site "Kouty nad Desnou"]
[Date "2017.03.14"]
[Round "5"]
[White "Pejrimovska, Viola Ruby"]
[Black "Stastna, Martina"]
[Result "0-1"]
[WhiteElo "1295"]
[BlackElo "1401"]
[PlyCount "82"]
[EventDate "2017.03.11"]
[EventType "swiss"]
[EventRounds "9"]
[EventCountry "CZE"]
[SourceTitle "CBM 177 Extra"]
[Source "ChessBase"]
[SourceDate "2017.04.27"]
[SourceVersion "1"]
[SourceVersionDate "2017.04.27"]
[SourceQuality "1"]

1. e4 e5 2. Nf3 Nc6 3. Nc3 Nf6 4. Bb5 Bb4 5. d3 d6 6. Bxc6+ bxc6 7. Bd2 Bg4 8. Nb1 Bc5 9. 0-0 0-0 10. Bc3 Re8 11. Nbd2 Rb8 12. a3 d5 13. b4 Bd6 14. Bb2 c5 15. c3 a5 16. bxc5 Bxc5 17. Rb1 Bxf3 18. Qxf3 d4 19. c4 Qd6 20. a4 Rb4 21. Qd1 Qd7 22. Ba3 Rxb1 23. Nxb1 Bxa3 24. Nxa3 Rb8 25. Nb5 Qe7 26. Qc2 c6 27. Rb1 cxb5 28. cxb5 Qd6 29. Rc1 h6 30. h3 Nd7 31. Rb1 Qc5 32. Qb3 Nb6 33. Ra1 Qc3 34. Qd1 Rc8 35. Kh2 Qc2 36. Qxc2 Rxc2 37. f3 Rc3 38. Rd1 Ra3 39. Rd2 Rxa4 40. Rc2 Rb4 41. Rc5 f6 0-1

[Event "CZE-ch U12 Girls"]
[Site "Kouty nad Desnou"]
[Date "2017.03.13"]
[Round "3"]
[White "Stastna, Martina"]
[Black "Zilava, Anezka"]
[Result "1-0"]
[WhiteElo "1401"]
[BlackElo "1306"]
[PlyCount "83"]
[EventDate "2017.03.11"]
[EventType "swiss"]
[EventRounds "9"]
[EventCountry "CZE"]
[SourceTitle "CBM 177 Extra"]
[Source "ChessBase"]
[SourceDate "2017.04.27"]
[SourceVersion "1"]
[SourceVersionDate "2017.04.27"]
[SourceQuality "1"]

1. e4 e5 2. Nf3 Nc6 3. c3 d5 4. Qa4 Qd6 5. d4 Bd7 6. Bb5 f6 7. exd5 Qxd5 8. Qc4 Nge7 9. Qxd5 Nxd5 10. Bxc6 Bxc6 11. c4 Bb4+ 12. Ke2 Nf4+ 13. Bxf4 exf4 14. d5 Bd7 15. a3 Bd6 16. Nc3 0-0 17. Rhe1 Rfe8+ 18. Kd3 Bf5+ 19. Kd4 c5+ 20. dxc6 bxc6 21. c5 Bc7 22. Kc4 Be6+ 23. Kd3 Rad8+ 24. Kc2 Bf5+ 25. Kc1 Bg4 26. Rxe8+ Rxe8 27. Kd2 Rd8+ 28. Ke2 Re8+ 29. Kf1 Be6 30. Nd4 Bc4+ 31. Kg1 Bd5 32. Nxd5 cxd5 33. f3 Be5 34. Rd1 Rc8 35. b4 a5 36. Nc2 axb4 37. axb4 Rd8 38. b5 Rb8 39. b6 Rc8 40. Rxd5 Bb8 41. Nd4 Be5 42. b7 1-0